| 000 | 01109cam a22002771i 4500 | ||
|---|---|---|---|
| 003 | SA_RiAUC | ||
| 005 | 20240919143519.0 | ||
| 008 | 240917s2007____su g 000 0dara c | ||
| 020 | _a9960579778 | ||
| 040 |
_aSA-MaHRM _bara _cSA-RiAUC _erda |
||
| 043 | _aa-su--- | ||
| 082 | 0 | _a811.09531 | |
| 090 |
_a811.09531 _bس و ا |
||
| 100 | 1 |
_aالسواس، تاج الدين محمد _eمؤلف. |
|
| 245 | 1 | 0 |
_aهاني ماجد فيروزي : _bالإعلامي المؤرخ والكاتب الزجال في أزجال مكية / _cتاج الدين محمد السواس. |
| 250 | _aالطبعة الأولى. | ||
| 264 | 1 |
_aمكة المكرمة : _bملتقي الأحبة، _c2007 |
|
| 300 |
_a392 صفحة ؛ _c24 سم |
||
| 336 |
_aنص _btxt _2rdacontent _3كتاب |
||
| 337 |
_aبدون وسيط _bn _2rdamedia |
||
| 338 |
_aمجلد _bnc _2rdacarrier |
||
| 600 | 1 | 7 |
_aفيروزي، هاني ماجد، _d1367-1430 هجري _2aucnm |
| 650 | 7 |
_aالشعر العربي الشعبي _zالسعودية _xتاريخ ونقد _2aucsh |
|
| 942 |
_2ddc _cBOOK |
||
| 949 |
_aSA-JeALM _d240917 _umohamedma123 _n1 |
||
| 999 |
_c387 _d387 |
||